[Event "2. Bundesliga Ost 2010/2011"]
[Site "2+3.10.Zwettl,30.10-1.11.Wien,27+28.11.Wien,29+30.
[Date "2011.03.12"]
[Round "10"]
[Board "2"]
[White "Ganaus, Hannes"]
[Black "Mahdy, Khaled"]
[Result "1/2-1/2"]
[WhiteElo "2310"]
[BlackElo "2401"]
[PlyCount "61"]
[EventDate "2010.10.02"]
[EventType "team"]
[EventRounds "11"]
[EventCountry "AUT"]
[WhiteTeam "Spg Data Technology Eichgraben/P."]
[BlackTeam "Raiffeisen Waehring"]

1.d4 Nf6 2.c4 g6 3.Nc3 Bg7 4.Nf3 O-O 5.e4 d6 6.h3 Na6 7.Bd3 e5 8.d5 Nh5 9.Be3
Qe8 10.a3 f5 11.b4 Qe7 12.Rc1 Nf6 13.Qe2 Bd7 14.Bd2 Rae8 15.Nh2 c5 16.b5 Nb8
17.Nf1 Nh5 18.g3 f4 19.g4 Nf6 20.f3 g5 21.Kd1 Rf7 22.Kc2 Bc8 23.Nd1 Nbd7 24.Nf2
Nf8 25.Bc3 Ng6 26.Nd2 Bf8 27.a4 Rg7 28.Rce1 Qd8 29.Qd1 Be7 30.a5 Kf7 31.Be2 1/2-1/2

[Event "2. Bundesliga Ost 2010/2011"]
[Site "2+3.10.Zwettl,30.10-1.11.Wien,27+28.11.Wien,29+30.
[Date "2011.03.12"]
[Round "10"]
[Board "3"]
[White "Alvir, Aco"]
[Black "Neumeier, Klaus"]
[Result "1-0"]
[WhiteElo "2360"]
[BlackElo "2374"]
[PlyCount "81"]
[EventDate "2010.10.02"]
[EventType "team"]
[EventRounds "11"]
[EventCountry "AUT"]
[WhiteTeam "Raiffeisen Waehring"]
[BlackTeam "Spg Data Technology Eichgraben/P."]

1.e4 c5 2.Nf3 d6 3.d4 cxd4 4.Nxd4 Nf6 5.Nc3 a6 6.Bg5 e6 7.f4 Be7 8.Qf3 h6 9.Bh4
Nbd7 10.O-O-O Qc7 11.Bd3 g5 12.fxg5 Ne5 13.Qe2 Nfg4 14.Nf3 Nxf3 15.gxf3 hxg5
16.Bg3 Ne5 17.f4 gxf4 18.Bxf4 Bd7 19.Rdf1 f6 20.h4 Kf7 21.h5 Rag8 22.Kb1 Qd8
23.Qd2 Rh7 24.Be2 Kg7 25.h6+ Kh8 26.Bh5 Be8 27.Qh2 Bxh5 28.Qxh5 Qe8 29.Qh3 Qf7
30.Ne2 Re8 31.Rfg1 Ng6 32.Rg3 f5 33.exf5 exf5 34.Qg2 Bf6 35.Rg1 Nxf4 36.Nxf4
Rxh6 37.Rg6 Rh4 38.Rxf6 Qxf6 39.Ng6+ Kh7 40.Nxh4 Qe7 41.Qg6+ 1-0

[Event "2. Bundesliga Ost 2010/2011"]
[Site "2+3.10.Zwettl,30.10-1.11.Wien,27+28.11.Wien,29+30.
[Date "2011.03.12"]
[Round "10"]
[Board "4"]
[White "Weissenbeck, Manuel"]
[Black "Wallner, Joachim"]
[Result "0-1"]
[WhiteElo "2316"]
[BlackElo "2294"]
[PlyCount "66"]
[EventDate "2010.10.02"]
[EventType "team"]
[EventRounds "11"]
[EventCountry "AUT"]
[WhiteTeam "Spg Data Technology Eichgraben/P."]
[BlackTeam "Raiffeisen Waehring"]

1.d4 d5 2.c4 c6 3.Nc3 Nf6 4.e3 a6 5.Nf3 b5 6.c5 g6 7.Ne5 Bg7 8.f4 Be6 9.g4 Qc8
10.h3 Nbd7 11.Nd3 Ne4 12.Nxe4 dxe4 13.Nf2 f5 14.gxf5 gxf5 15.Qh5+ Kd8 16.Rg1 Nf6
17.Qh4 Rg8 18.Bd2 Kc7 19.Nd1 Qd7 20.Ba5+ Kb7 21.Nc3 Nd5 22.Nxd5 Bxd5 23.Qf2 Qe6
24.b3 Bxd4 25.Rxg8 Bxa1 26.Rxa8 Kxa8 27.Qh4 Qf7 28.Be2 Bf6 29.Qg3 Kb7 30.Kf2 Qf8
31.h4 e6 32.Bb6 Qe7 33.Qg8 e5 0-1

[Event "2. Bundesliga Ost 2010/2011"]
[Site "2+3.10.Zwettl,30.10-1.11.Wien,27+28.11.Wien,29+30.
[Date "2011.03.12"]
[Round "10"]
[Board "5"]
[White "Lovrinovic, Christian"]
[Black "Pichler, Michael"]
[Result "1/2-1/2"]
[WhiteElo "2193"]
[BlackElo "2253"]
[PlyCount "61"]
[EventDate "2010.10.02"]
[EventType "team"]
[EventRounds "11"]
[EventCountry "AUT"]
[WhiteTeam "Raiffeisen Waehring"]
[BlackTeam "Spg Data Technology Eichgraben/P."]

1.d4 e6 2.c4 d5 3.cxd5 exd5 4.Nc3 Nf6 5.Bg5 c6 6.e3 Be7 7.Bd3 Nbd7 8.Qc2 O-O
9.Nge2 Re8 10.O-O Nf8 11.f3 Be6 12.Rae1 Rc8 13.Kh1 a6 14.Nf4 h6 15.Bh4 c5
16.dxc5 Rxc5 17.b4 Rc8 18.Qb3 d4 19.Nxe6 Nxe6 20.Nd1 b5 21.a4 Qb6 22.axb5 axb5
23.Bf2 dxe3 24.Nxe3 Qc6 25.Nf5 Bf8 26.Re5 Nc7 27.Nd4 Qd6 28.Rxe8 Nfxe8 29.Nxb5
Nxb5 30.Bxb5 Qxb4 31.Qxb4 1/2-1/2

[Event "2. Bundesliga Ost 2010/2011"]
[Site "2+3.10.Zwettl,30.10-1.11.Wien,27+28.11.Wien,29+30.
[Date "2011.03.12"]
[Round "10"]
[Board "6"]
[White "Hechl, Gerald"]
[Black "Schweitzer, Werner"]
[Result "1-0"]
[WhiteElo "2261"]
[BlackElo "2119"]
[PlyCount "85"]
[EventDate "2010.10.02"]
[EventType "team"]
[EventRounds "11"]
[EventCountry "AUT"]
[WhiteTeam "Spg Data Technology Eichgraben/P."]
[BlackTeam "Raiffeisen Waehring"]

1.d4 d5 2.c4 c6 3.Nf3 Nf6 4.e3 Bf5 5.Qb3 Qb6 6.Nc3 e6 7.Nh4 Bg4 8.h3 Bh5 9.g4
Bg6 10.c5 Qc7 11.f4 Be4 12.Nxe4 Nxe4 13.Bd3 Be7 14.Nf3 Nd7 15.Bxe4 dxe4 16.Nd2
Bh4+ 17.Ke2 O-O 18.Nxe4 b6 19.cxb6 axb6 20.Rg1 c5 21.g5 c4 22.Qc2 f6 23.g6 h5
24.Nd2 f5 25.Qxc4 Qd6 26.Nf3 Rfc8 27.Qb3 Be7 28.Bd2 Nf6 29.Ng5 Nd5 30.Nf7 Qd7
31.a3 Bf6 32.Rac1 Ra7 33.Rxc8+ Qxc8 34.Rc1 Rc7 35.Rxc7 Qxc7 36.Qb5 Qc8 37.Kd1
Be7 38.Ne5 Bd6 39.Nc4 Be7 40.a4 Kf8 41.Nxb6 Nxb6 42.Qxb6 Qa8 43.Qxe6 1-0

[Event "2. Bundesliga Ost 2010/2011"]
[Site "2+3.10.Zwettl,30.10-1.11.Wien,27+28.11.Wien,29+30.
[Date "2011.03.12"]
[Round "10"]
[Board "1"]
[White "Polak, Thomas"]
[Black "Zilka, Stepan"]
[Result "1/2-1/2"]
[WhiteElo "2535"]
[BlackElo "2479"]
[PlyCount "43"]
[EventDate "2010.10.02"]
[EventType "team"]
[EventRounds "11"]
[EventCountry "AUT"]
[WhiteTeam "SK Zwettl"]
[BlackTeam "Blackburne Nickelsdorf"]

1.e4 e5 2.Nf3 Nc6 3.Bb5 a6 4.Ba4 Nf6 5.O-O Be7 6.Bxc6 dxc6 7.d3 Nd7 8.Nbd2 O-O
9.Nc4 f6 10.Nh4 g6 11.Bh6 Re8 12.Qg4 Kh8 13.Qg3 Rg8 14.Kh1 Bf8 15.Be3 Qe8
16.Rae1 c5 17.f3 b6 18.Qf2 Bg7 19.a4 a5 20.b3 Ba6 21.g3 Qf8 22.Rg1 1/2-1/2

[Event "2. Bundesliga Ost 2010/2011"]
[Site "2+3.10.Zwettl,30.10-1.11.Wien,27+28.11.Wien,29+30.
[Date "2011.03.12"]
[Round "10"]
[Board "2"]
[White "Pinter, Erik"]
[Black "Blatny, Pavel"]
[Result "1-0"]
[WhiteElo "2379"]
[BlackElo "2402"]
[PlyCount "127"]
[EventDate "2010.10.02"]
[EventType "team"]
[EventRounds "11"]
[EventCountry "AUT"]
[WhiteTeam "Blackburne Nickelsdorf"]
[BlackTeam "SK Zwettl"]

1.e4 g6 2.d4 d6 3.Nf3 Bg7 4.c3 Nd7 5.Bc4 e6 6.O-O Ne7 7.Re1 a6 8.Bb3 b6 9.Nbd2
Bb7 10.Nf1 h6 11.Ng3 O-O 12.h4 Kh7 13.h5 e5 14.Nh2 Qe8 15.Bc2 Ng8 16.a4 Qe7
17.d5 Rae8 18.b4 Bc8 19.Bd3 Ndf6 20.hxg6+ fxg6 21.a5 b5 22.c4 bxc4 23.Bxc4 Qf7
24.Qe2 Nh5 25.Nxh5 gxh5 26.b5 axb5 27.Bxb5 Bd7 28.Bxd7 Qxd7 29.Qxh5 Nf6 30.Qh3
Qxh3 31.gxh3 Nh5 32.a6 Nf4 33.Re3 Ra8 34.Kf1 Rfb8 35.Rc3 Rb6 36.a7 Rb7 37.Be3 h5
38.h4 Bh6 39.Rac1 Raxa7 40.Bxa7 Nxd5 41.Be3 Bxe3 42.Rxe3 Nxe3+ 43.fxe3 Rb4
44.Rxc7+ Kg6 45.Rc6 Rxe4 46.Rxd6+ Kf5 47.Kf2 Rxh4 48.Nf1 Ra4 49.Ng3+ Kg5 50.Kf3
Ra8 51.Ne4+ Kh4 52.Rg6 Rf8+ 53.Nf6 Ra8 54.Ke4 Ra5 55.Kf5 Kh3 56.e4 h4 57.Ng4 Kg3
58.Nxe5+ Kf2 59.Kf4 h3 60.Rb6 Ra2 61.Nf3 Re2 62.Rb1 Kg2 63.Rg1+ Kf2 64.Rh1 1-0

[Event "2. Bundesliga Ost 2010/2011"]
[Site "2+3.10.Zwettl,30.10-1.11.Wien,27+28.11.Wien,29+30.
[Date "2011.03.12"]
[Round "10"]
[Board "3"]
[White "Vyskocil, Neklan"]
[Black "Vlcek, Stanislav"]
[Result "1/2-1/2"]
[WhiteElo "2376"]
[BlackElo "2257"]
[PlyCount "83"]
[EventDate "2010.10.02"]
[EventType "team"]
[EventRounds "11"]
[EventCountry "AUT"]
[WhiteTeam "SK Zwettl"]
[BlackTeam "Blackburne Nickelsdorf"]

1.e4 c5 2.Nf3 d6 3.d4 cxd4 4.Nxd4 Nf6 5.Nc3 a6 6.h3 e6 7.g4 b5 8.Bg2 Bb7 9.O-O
Qc7 10.g5 Nfd7 11.f4 Nc6 12.Be3 Nxd4 13.Qxd4 Qc4 14.Qxc4 bxc4 15.Rfd1 h6 16.h4
Rc8 17.a4 hxg5 18.hxg5 Be7 19.a5 Rh4 20.Kf2 f6 21.g6 f5 22.Rh1 fxe4 23.Nxe4 Bxe4
24.Bxe4 d5 25.Bf3 Bf6 26.Rxh4 Bxh4+ 27.Ke2 Bf6 28.c3 Rb8 29.Ra2 Rb5 30.Bg4 Ke7
31.Kd2 Nf8 32.Bb6 Nxg6 33.Ke3 Nh4 34.Bd1 d4+ 35.cxd4 Nf5+ 36.Ke4 Rd5 37.Ba4 Nxd4
38.Ra1 Nb5 39.Bxb5 Rxb5 40.Rc1 Bxb2 41.Rxc4 Kd6 42.Bc7+ 1/2-1/2

[Event "2. Bundesliga Ost 2010/2011"]
[Site "2+3.10.Zwettl,30.10-1.11.Wien,27+28.11.Wien,29+30.
[Date "2011.03.12"]
[Round "10"]
[Board "4"]
[White "Bachofner, Andreas"]
[Black "Pisk, Petr"]
[Result "0-1"]
[WhiteElo "2243"]
[BlackElo "2313"]
[PlyCount "80"]
[EventDate "2010.10.02"]
[EventType "team"]
[EventRounds "11"]
[EventCountry "AUT"]
[WhiteTeam "Blackburne Nickelsdorf"]
[BlackTeam "SK Zwettl"]

1.Nf3 d6 2.d4 Bg4 3.e4 c6 4.Bd3 e6 5.h3 Bh5 6.c3 Nf6 7.Qe2 d5 8.e5 Nfd7 9.b3 c5
10.g4 Bg6 11.Bxg6 hxg6 12.Be3 Nc6 13.Nbd2 Qa5 14.Qd3 cxd4 15.Bxd4 Nxd4 16.cxd4
Rc8 17.a3 Rc3 18.Qb1 Be7 19.Kf1 g5 20.Kg2 Nf8 21.Qe1 Qc7 22.Ng1 Ng6 23.Ne2 Nh4+
24.Kf1 Rc6 25.b4 O-O 26.Rc1 a5 27.Rxc6 Qxc6 28.bxa5 Qb5 29.Nb1 Rc8 30.Qd1 Qb2
31.Rg1 Rc2 32.Nbc3 Rxc3 33.Nxc3 Qxc3 34.Rg3 Qxa5 35.Qb3 Qd2 36.Rd3 Qc1+ 37.Ke2
Ng6 38.Rc3 Nf4+ 39.Kf3 Qh1+ 40.Ke3 Qe1+ 0-1

[Event "2. Bundesliga Ost 2010/2011"]
[Site "2+3.10.Zwettl,30.10-1.11.Wien,27+28.11.Wien,29+30.
[Date "2011.03.12"]
[Round "10"]
[Board "5"]
[White "Buchnicek, Petr"]
[Black "Koffler, Daniel"]
[Result "0-1"]
[WhiteElo "2305"]
[BlackElo "2199"]
[PlyCount "82"]
[EventDate "2010.10.02"]
[EventType "team"]
[EventRounds "11"]
[EventCountry "AUT"]
[WhiteTeam "SK Zwettl"]
[BlackTeam "Blackburne Nickelsdorf"]

1.e4 e5 2.Nf3 Nc6 3.Bc4 Nf6 4.d3 Be7 5.Nc3 d6 6.a4 O-O 7.h3 Kh8 8.Be3 Be6 9.Nd5
Bxd5 10.exd5 Nb4 11.Qd2 Nbxd5 12.O-O-O Nxe3 13.Qxe3 c5 14.Bb3 a6 15.g4 b5 16.Nd2
bxa4 17.Bxa4 Nd5 18.Qe4 Nf4 19.c3 Rb8 20.Kc2 Qc7 21.Bb3 Qb6 22.Ra1 d5 23.Qa4 e4
24.Qxa6 exd3+ 25.Kb1 c4 26.Qxb6 Rxb6 27.Bd1 Rfb8 28.Ra2 Bf6 29.Kc1 Re6 30.Bf3
Rbe8 31.Rd1 h6 32.Ra5 Re5 33.b3 Ne2+ 34.Bxe2 dxe2 35.Re1 Bh4 36.bxc4 Bxf2 37.Nf3
Bxe1 38.Nxe1 dxc4 39.Rxe5 Rxe5 40.Kd2 Kh7 41.Nc2 Kg6 0-1

[Event "2. Bundesliga Ost 2010/2011"]
[Site "2+3.10.Zwettl,30.10-1.11.Wien,27+28.11.Wien,29+30.
[Date "2011.03.12"]
[Round "10"]
[Board "6"]
[White "Bachofner, Christian"]
[Black "Wagner, Stefan"]
[Result "0-1"]
[WhiteElo "2076"]
[BlackElo "2173"]
[PlyCount "84"]
[EventDate "2010.10.02"]
[EventType "team"]
[EventRounds "11"]
[EventCountry "AUT"]
[WhiteTeam "Blackburne Nickelsdorf"]
[BlackTeam "SK Zwettl"]

1.d4 d5 2.Nf3 Nf6 3.c4 e6 4.Nc3 c6 5.Bg5 dxc4 6.e4 b5 7.e5 h6 8.Bh4 g5 9.Nxg5
hxg5 10.Bxg5 Nbd7 11.exf6 Qb6 12.g3 Bb7 13.Bg2 O-O-O 14.O-O c5 15.d5 b4 16.Na4
Qd6 17.dxe6 Qxe6 18.Bxb7+ Kxb7 19.Qf3+ Qc6 20.Qxc6+ Kxc6 21.a3 a5 22.Rfd1 Bd6
23.Kg2 Be5 24.axb4 axb4 25.h4 Bd4 26.Re1 Bxf6 27.Bxf6 Nxf6 28.Re7 Rhf8 29.Kh3
Nd5 30.Re5 f6 31.Rh5 f5 32.Rh7 Nf6 33.Rh6 Rd6 34.f3 Re8 35.Nxc5 Kxc5 36.Ra5+ Kd4
37.Rxf5 Ree6 38.g4 c3 39.bxc3+ bxc3 40.Rh8 c2 41.Rf4+ Kd3 42.Rc8 Rc6 0-1

[Event "2. Bundesliga Ost 2010/2011"]
[Site "2+3.10.Zwettl,30.10-1.11.Wien,27+28.11.Wien,29+30.
[Date "2011.03.12"]
[Round "10"]
[Board "1"]
[White "Lipka, Juraj"]
[Black "Papp, Gabor"]
[Result "1/2-1/2"]
[WhiteElo "2414"]
[BlackElo "2526"]
[PlyCount "110"]
[EventDate "2010.10.02"]
[EventType "team"]
[EventRounds "11"]
[EventCountry "AUT"]
[WhiteTeam "ASVOE Pamhagen"]
[BlackTeam "ASVOE SK Mattersburg"]

1.d4 Nf6 2.c4 e6 3.g3 d5 4.Nf3 Bb4+ 5.Bd2 Be7 6.Bg2 c6 7.Qc2 Nbd7 8.O-O O-O
9.Rd1 b6 10.Bf4 Bb7 11.Ne5 Rc8 12.Nc3 Nh5 13.Bc1 f5 14.Nxd7 Qxd7 15.Qa4 Nf6
16.Bf4 a6 17.cxd5 cxd5 18.Qxd7 Nxd7 19.Rac1 g5 20.Bd2 b5 21.Nb1 b4 22.Rxc8 Rxc8
23.Rc1 a5 24.Bf1 Rxc1 25.Bxc1 Ba6 26.f4 gxf4 27.gxf4 Nf6 28.Nd2 Kf7 29.Nf3 Bd6
30.e3 Bc4 31.b3 Bxf1 32.Kxf1 Ne4 33.Bd2 Kg6 34.Ke2 Kh5 35.h3 Be7 36.Be1 Bf6
37.Kd3 Kg6 38.Ke2 Kf7 39.Kd3 Ke7 40.Kc2 Kd6 41.Nd2 Kd7 42.Nxe4 fxe4 43.Kd2 Ke8
44.Ke2 Kf7 45.Bg3 Kg6 46.Kf2 Bd8 47.Ke2 Kf5 48.Kf2 h6 49.Kf1 h5 50.Ke2 Bc7
51.Kd2 Kg6 52.Ke2 Bd8 53.Kd2 Bf6 54.Ke2 h4 55.Bh2 Be7 1/2-1/2

[Event "2. Bundesliga Ost 2010/2011"]
[Site "2+3.10.Zwettl,30.10-1.11.Wien,27+28.11.Wien,29+30.
[Date "2011.03.12"]
[Round "10"]
[Board "3"]
[White "Rueckschloss, Karol"]
[Black "Certek, Pavel"]
[Result "1/2-1/2"]
[WhiteElo "2293"]
[BlackElo "2250"]
[PlyCount "110"]
[EventDate "2010.10.02"]
[EventType "team"]
[EventRounds "11"]
[EventCountry "AUT"]
[WhiteTeam "ASVOE Pamhagen"]
[BlackTeam "ASVOE SK Mattersburg"]

1.c4 Nf6 2.d4 g6 3.Nc3 d5 4.Nf3 Bg7 5.Bf4 O-O 6.e3 c5 7.Bxb8 Rxb8 8.cxd5 cxd4
9.Nxd4 Nxd5 10.Be2 Nxc3 11.bxc3 Qa5 12.Qd2 Rd8 13.f4 Bf5 14.O-O Rbc8 15.Rac1 Be4
16.Qb2 Rd6 17.Rfd1 Rcd8 18.Bc4 Qc5 19.Qe2 a6 20.a4 Qa5 21.Qa2 Bd5 22.Bxd5 Rxd5
23.Qb3 R8d7 24.c4 Rc5 25.Nf3 Rxd1+ 26.Rxd1 Qc7 27.Nd2 e5 28.g3 exf4 29.gxf4 b5
30.axb5 axb5 31.Rc1 h6 32.Qd3 Kh7 33.Rc2 Qc8 34.Qe4 Qg4+ 35.Kf2 Bf6 36.Nf3 Qc8
37.Nd2 Kg7 38.Ke2 Qg4+ 39.Qf3 Qg1 40.Kd3 Qa1 41.Qb7 bxc4+ 42.Ke2 Qa4 43.Qe4 Qd7
44.Rxc4 Ra5 45.Rc2 Ra1 46.f5 g5 47.h3 Ra5 48.Nf1 Re5 49.Rd2 Qxf5 50.Qxf5 Rxf5
51.Ng3 Re5 52.Rd6 Re6 53.Rxe6 fxe6 54.Kf3 Kg6 55.Ne4 Be5 1/2-1/2

[Event "2. Bundesliga Ost 2010/2011"]
[Site "2+3.10.Zwettl,30.10-1.11.Wien,27+28.11.Wien,29+30.
[Date "2011.03.12"]
[Round "10"]
[Board "4"]
[White "Brod, Manfred"]
[Black "Vitouch, Anatol"]
[Result "1-0"]
[WhiteElo "2183"]
[BlackElo "2262"]
[PlyCount "113"]
[EventDate "2010.10.02"]
[EventType "team"]
[EventRounds "11"]
[EventCountry "AUT"]
[WhiteTeam "ASVOE SK Mattersburg"]
[BlackTeam "ASVOE Pamhagen"]

1.e4 Nc6 2.Nf3 Nf6 3.e5 Nd5 4.d4 d6 5.exd6 exd6 6.Be2 Be7 7.O-O O-O 8.h3 Bf6
9.c4 Nde7 10.d5 Ne5 11.Nd4 Nf5 12.Nc2 Ng6 13.Bd3 Be5 14.f4 Bf6 15.g4 Nfh4 16.Nd2
Be7 17.f5 Ne5 18.Ne4 h5 19.Be2 Re8 20.Kh1 hxg4 21.hxg4 Kh7 22.Rf2 Rh8 23.Rh2 Kg8
24.Bf4 g6 25.Qg1 Kg7 26.Qg3 Nd7 27.Ne3 g5 28.f6+ Bxf6 29.Nf5+ Nxf5 30.gxf5 Rxh2+
31.Kxh2 Qh8+ 32.Kg2 Qh4 33.Nxg5 Qxg3+ 34.Kxg3 Bxb2 35.Rh1 Nf6 36.Bd3 Bd7 37.Kf3
Bd4 38.Rh4 Be5 39.Bxe5 dxe5 40.Rh2 Re8 41.Rg2 Kf8 42.Re2 Nh5 43.Be4 Nf6 44.c5 b6
45.Rc2 Ba4 46.Rc4 Bd1+ 47.Ke3 Rd8 48.cxb6 cxb6 49.Rc7 Bh5 50.Rxa7 Nxd5+ 51.Bxd5
Rxd5 52.f6 Ke8 53.Re7+ Kd8 54.Nxf7+ Bxf7 55.Rxf7 Rd4 56.Rb7 Rb4 57.Rb8+ 1-0

[Event "2. Bundesliga Ost 2010/2011"]
[Site "2+3.10.Zwettl,30.10-1.11.Wien,27+28.11.Wien,29+30.
[Date "2011.03.12"]
[Round "10"]
[Board "5"]
[White "Hangweyrer, Manfred"]
[Black "Riedner, Martin"]
[Result "1-0"]
[WhiteElo "2334"]
[BlackElo "2146"]
[PlyCount "91"]
[EventDate "2010.10.02"]
[EventType "team"]
[EventRounds "11"]
[EventCountry "AUT"]
[WhiteTeam "ASVOE Pamhagen"]
[BlackTeam "ASVOE SK Mattersburg"]

1.e4 Nc6 2.Nf3 e6 3.d3 d5 4.Nbd2 Nf6 5.c3 dxe4 6.dxe4 Bc5 7.Bb5 Bd7 8.O-O O-O
9.Qe2 Ne7 10.e5 Nfd5 11.Ne4 Bb6 12.Bxd7 Qxd7 13.c4 f5 14.Neg5 Nb4 15.Rd1 Qc8
16.c5 Ba5 17.a3 Nbd5 18.Nd4 h6 19.Ngxe6 Re8 20.Rd3 Ng6 21.Qf3 Nxe5 22.Qxd5 Nxd3
23.Nf4+ Kh8 24.Nxd3 Qd8 25.Qc4 Re4 26.Be3 Bd2 27.Ne5 Qf6 28.Nd7 Qe7 29.Bxd2 Qxd7
30.Bc3 Rd8 31.Rd1 Qd5 32.Qxd5 Rxd5 33.f3 Re8 34.Kf2 Rxc5 35.Ne2 Rc4 36.Rd7 Rg8
37.Nd4 f4 38.Ne6 Kh7 39.Nxc7 Kg6 40.Nd5 Kg5 41.Rxb7 Rc5 42.Rd7 a5 43.g3 fxg3+
44.Kxg3 Kf5 45.Nf4 Rc6 46.Rd5# 1-0

[Event "2. Bundesliga Ost 2010/2011"]
[Site "2+3.10.Zwettl,30.10-1.11.Wien,27+28.11.Wien,29+30.
[Date "2011.03.12"]
[Round "10"]
[Board "6"]
[White "Salamon, Werner"]
[Black "Froschauer, Hans"]
[Result "1/2-1/2"]
[WhiteElo "2152"]
[BlackElo "2124"]
[PlyCount "92"]
[EventDate "2010.10.02"]
[EventType "team"]
[EventRounds "11"]
[EventCountry "AUT"]
[WhiteTeam "ASVOE SK Mattersburg"]
[BlackTeam "ASVOE Pamhagen"]

1.e4 c5 2.Nf3 d6 3.d4 cxd4 4.Nxd4 Nf6 5.Nc3 a6 6.a4 e5 7.Nb3 Be6 8.Be2 Nbd7
9.Be3 Be7 10.O-O O-O 11.Qd2 Qc7 12.Rfd1 Rac8 13.a5 Qc6 14.Bf3 Rfe8 15.Rac1 Qc4
16.Be2 Qb4 17.Nd5 Nxd5 18.exd5 Qxd2 19.Rxd2 Bf5 20.g4 Bg6 21.c4 f5 22.gxf5 Bxf5
23.Bd3 Bxd3 24.Rxd3 e4 25.Rdc3 Ne5 26.Nd2 Nd3 27.Rb1 Bf6 28.Rb3 Rc7 29.f3 Ne5
30.fxe4 Nxc4 31.Nxc4 Rxc4 32.Rxb7 Rcxe4 33.Bf2 Rg4+ 34.Bg3 Be5 35.Re1 Bd4+
36.Kf1 Rf8+ 37.Kg2 h5 38.Kh3 Rf3 39.Re2 Rg5 40.Kg2 Rff5 41.Re4 Rxd5 42.Kf3 Bf6
43.b4 Rgf5+ 44.Rf4 Rd3+ 45.Kg2 Rxf4 46.Bxf4 g5 1/2-1/2

[Event "2. Bundesliga Ost 2010/2011"]
[Site "2+3.10.Zwettl,30.10-1.11.Wien,27+28.11.Wien,29+30.
[Date "2011.03.12"]
[Round "10"]
[Board "1"]
[White "Schroll, Gerhard"]
[Black "Boros, Denez"]
[Result "1/2-1/2"]
[WhiteElo "2449"]
[BlackElo "2508"]
[PlyCount "91"]
[EventDate "2010.10.02"]
[EventType "team"]
[EventRounds "11"]
[EventCountry "AUT"]
[WhiteTeam "1. Wr. Neustaedter SV"]
[BlackTeam "Husek Wien"]

1.d4 e6 2.e4 d5 3.exd5 exd5 4.Bd3 Nf6 5.Ne2 c5 6.c3 Bd6 7.dxc5 Bxc5 8.O-O h6
9.Nd2 O-O 10.Nb3 Bb6 11.Ned4 Nc6 12.Bf4 Re8 13.Re1 Ne4 14.Bxe4 dxe4 15.Nxc6 Qxd1
16.Raxd1 bxc6 17.Be3 Be6 18.Nc5 Bc4 19.b3 Bxc5 20.Bxc5 Bd5 21.Rc1 Re5 22.b4 Rg5
23.Re3 a6 24.f3 f5 25.f4 Rg4 26.g3 Kf7 27.a4 Rd8 28.Rd1 Rd7 29.Kf2 Rg6 30.a5 Re6
31.Ree1 g5 32.Ke3 Rg6 33.Rg1 Rd8 34.Bb6 Rc8 35.Rc1 h5 36.Bd4 Ke8 37.fxg5 Rxg5
38.Kf2 Rg4 39.h3 Rg6 40.h4 Kd7 41.Be3 Bc4 42.Bf4 Rd8 43.Be3 Rd6 44.Rgd1 Rd5
45.Bb6 Rf8 46.Be3 1/2-1/2

[Event "2. Bundesliga Ost 2010/2011"]
[Site "2+3.10.Zwettl,30.10-1.11.Wien,27+28.11.Wien,29+30.
[Date "2011.03.12"]
[Round "10"]
[Board "3"]
[White "Steiner, Adam"]
[Black "Juhasz, Kristof"]
[Result "1/2-1/2"]
[WhiteElo "2232"]
[BlackElo "2268"]
[PlyCount "176"]
[EventDate "2010.10.02"]
[EventType "team"]
[EventRounds "11"]
[EventCountry "AUT"]
[WhiteTeam "1. Wr. Neustaedter SV"]
[BlackTeam "Husek Wien"]

1.e4 c6 2.d4 d5 3.e5 Bf5 4.Nf3 e6 5.a3 c5 6.c4 dxc4 7.Bxc4 Nc6 8.Be3 cxd4 9.Nxd4
Nxd4 10.Bxd4 a6 11.Nc3 Ne7 12.Qa4+ Nc6 13.Rd1 Qa5 14.Qxa5 Nxa5 15.Be2 Nb3 16.Bf3
O-O-O 17.Bb6 Rxd1+ 18.Bxd1 Bc5 19.Na4 Bxb6 20.Nxb6+ Kc7 21.Bxb3 Kxb6 22.f3 Rd8
23.Ke2 h6 24.g4 Bd3+ 25.Ke3 Bb5 26.Rd1 Rxd1 27.Bxd1 Kc5 28.f4 Bc6 29.Be2 a5
30.f5 g5 31.fxg6 fxg6 32.g5 hxg5 33.Bd3 Kd5 34.Bxg6 Kxe5 35.b4 b6 36.Bd3 Bd5
37.Bc2 Bc4 38.Be4 Bf1 39.Bf3 Kf5 40.Bd1 axb4 41.axb4 Bb5 42.Bf3 Ke5 43.Be4 Bc4
44.Bf3 Bd5 45.Be2 Kd6 46.Bb5 Bc6 47.Bc4 e5 48.Bd3 Bd5 49.Bb5 Ke6 50.Bd3 Kf6
51.Kf2 e4 52.Be2 Kf5 53.Ke3 Bb7 54.Bf1 Ke5 55.Bg2 Bd5 56.Bh3 Bc4 57.Bc8 Bd5
58.Bh3 Bf7 59.Bc8 Ba2 60.Bb7 Bd5 61.Bc8 Bc6 62.Bh3 Kd5 63.Bf1 Ba4 64.Be2 Bb3
65.Ba6 Bc2 66.Be2 Ke5 67.Ba6 Kd5 68.Be2 Ba4 69.Bf1 Be8 70.Be2 Bg6 71.Bb5 Bh5
72.Ba6 Bf3 73.Bb7+ Ke5 74.Bc8 Bg2 75.Bg4 Kd5 76.Be2 Ke5 77.Bg4 Bf1 78.Bc8 Bc4
79.Bb7 Bd3 80.Bc6 b5 81.Bb7 Kf5 82.Bc8+ Ke5 83.Bb7 Bc2 84.Bc6 Bd3 85.Bb7 Kf5
86.Bc8+ Ke5 87.Bb7 Kf5 88.Bc8+ Ke5 1/2-1/2

[Event "2. Bundesliga Ost 2010/2011"]
[Site "2+3.10.Zwettl,30.10-1.11.Wien,27+28.11.Wien,29+30.
[Date "2011.03.12"]
[Round "10"]
[Board "4"]
[White "Maros, Milan"]
[Black "Wiedner, Robert"]
[Result "1-0"]
[WhiteElo "2329"]
[BlackElo "2189"]
[PlyCount "59"]
[EventDate "2010.10.02"]
[EventType "team"]
[EventRounds "11"]
[EventCountry "AUT"]
[WhiteTeam "Husek Wien"]
[BlackTeam "1. Wr. Neustaedter SV"]

1.d4 Nf6 2.Nf3 b6 3.g3 Bb7 4.Bg2 e6 5.O-O Be7 6.b3 O-O 7.Bb2 d6 8.c4 Nbd7 9.Nc3
Ne4 10.Qc2 Nxc3 11.Bxc3 f5 12.Ng5 Bxg2 13.Nxe6 Be4 14.Qd2 Qe8 15.d5 f4 16.f3 Bf5
17.Nxf8 Bxf8 18.Qxf4 Bg6 19.e4 Ne5 20.Qd2 Qd7 21.Rae1 Be7 22.Kg2 Rf8 23.h3 h5
24.f4 Nf7 25.Qb2 h4 26.Bxg7 Re8 27.g4 Bg5 28.fxg5 Nxg5 29.Bh6 Bxe4+ 30.Kh2 1-0

[Event "2. Bundesliga Ost 2010/2011"]
[Site "2+3.10.Zwettl,30.10-1.11.Wien,27+28.11.Wien,29+30.
[Date "2011.03.12"]
[Round "10"]
[Board "5"]
[White "Lucaci, Marius"]
[Black "Zojer, Stefan"]
[Result "0-1"]
[WhiteElo "2148"]
[BlackElo "2043"]
[PlyCount "156"]
[EventDate "2010.10.02"]
[EventType "team"]
[EventRounds "11"]
[EventCountry "AUT"]
[WhiteTeam "1. Wr. Neustaedter SV"]
[BlackTeam "Husek Wien"]

1.e4 c5 2.Nf3 d6 3.d4 cxd4 4.Nxd4 Nf6 5.Nc3 a6 6.a4 e6 7.Be2 Be7 8.O-O O-O 9.Be3
Nc6 10.f4 Qc7 11.Qe1 Nxd4 12.Bxd4 e5 13.Be3 Be6 14.Qg3 Bc4 15.fxe5 dxe5 16.Bxc4
Qxc4 17.Qxe5 Ng4 18.Qxe7 Nxe3 19.Rf2 Ng4 20.Rd2 Rfe8 21.Qd6 Re6 22.Qd8+ Re8
23.Qb6 Nf6 24.Re1 Re6 25.Rd8+ Rxd8 26.Qxd8+ Re8 27.Qb6 Qc8 28.Rd1 h6 29.h3 Kh7
30.Qd4 Qc6 31.e5 Ng8 32.Kh1 Re6 33.Qd7 Rxe5 34.Qxf7 Nf6 35.Rf1 Rg5 36.Rf3 Qb6
37.b3 Qc6 38.Qe7 Rg6 39.Qe5 Rg5 40.Qe2 Kh8 41.Re3 Rc5 42.Qf3 Qc7 43.Qg3 Qc6
44.Ne2 Rg5 45.Rc3 Qd7 46.Qb8+ Kh7 47.Rc8 Qd1+ 48.Ng1 Qd5 49.Nf3 Qd1+ 50.Kh2
Rxg2+ 51.Kxg2 Qe2+ 52.Kg1 Qxf3 53.Rh8+ Kg6 54.Qd6 Qe3+ 55.Kf1 Qxh3+ 56.Ke1 Qh1+
57.Kd2 Kf5 58.Rf8 h5 59.Qd3+ Kg5 60.Rf7 Ne4+ 61.Ke3 Nf6 62.Rxg7+ Kh4 63.Qe2 Qe4+
64.Kd2 Qd4+ 65.Ke1 Qa1+ 66.Kf2 Ng4+ 67.Rxg4+ hxg4 68.Qe7+ Kh5 69.Qxb7 Qd4+
70.Ke2 g3 71.Qh1+ Kg4 72.Qf3+ Kh3 73.Kf1 Qa1+ 74.Ke2 Kh2 75.Qh5+ Kg2 76.Qf3+ Kh2
77.Qh5+ Kg1 78.Qc5+ Kh2 0-1